| 000 | 00845nas a2200253Ia 4500 | ||
|---|---|---|---|
| 001 | R003/39878 | ||
| 003 | IT-RoPAU | ||
| 008 | 151124c99999999xx |||||||||||| ||und|| | ||
| 040 | _aIT-RoPAU | ||
| 040 | _cIT-RoPAU | ||
| 041 | _aFRANCESE | ||
| 100 |
_aBergala Alain _gCodice Aut. SPICS: 9309 |
||
| 210 | _aCAHIERS DU CINEMA | ||
| 222 | _aCahiers Du Cinema | ||
| 245 |
_aCAHIERS DU CINEMA, ANNO 30-N.318-DICEMBRE 1980 _bDe la Vie Des Marionnettes (Ingmar Bergman) |
||
| 250 | _a1a ed. | ||
| 260 |
_aPARIS _bL'ETOILE _c1980 |
||
| 501 |
_bPaulus - SPICS - Società San Paolo EM (non-commercial uses only) _cCopyright2015 |
||
| 300 | _a3 p. [45-47] | ||
| 362 | _aANNO 030, N.318-DICEMBRE 1980 | ||
| 500 | _aRecensione-E-Scheda-Del-Film-Dibergman-Della-Vita-Delle-Marionette | ||
| 650 |
_aCINEMA _vPUBBLICAZIONE PERIODICA |
||
| 942 | _cCR | ||
| 999 |
_c156257 _d156257 |
||